000
00301nam a2200145Ia 4500
100
_a
Murray/W.H
942
_c
BK
654
_a
Computer
245
_a
Visual J++ Handbook
260
_b
AP Professional
_a
New Delhi
_c
1997
082
_a
5.133
_b
PAP
300
_a
574
546
_a
ENGLISH
999
_c
24132
_d
24132